000 00976nam a2200253 i 4500
001 162477
003 ES-MaACL
005 20230906212533.0
008 940301s1888 sp af |||| | spa d
040 _aAS
_bspa
100 1 _aPosada, José María.
_9131302
245 1 0 _aPoesías selectas /
_cJosé María Posada.
260 _aLa Coruña :
_bAndrés Martinez,
_c1888 (
_fLa Comercial, Estab. Tip. de la Papelería de Ferrer)
300 _a250 p., [1] h. de lám. :
_bil. ;
_c20 cm.
490 1 _aBiblioteca gallega ;
_v16
546 _aTexto en gallego y castellano.
599 _aLa h. de lám. antes de port. es un fotograb. de "Mecachis", retr. del autor.
599 _aMecachis es seud. del caricaturista y escritor Eduardo Sáenz Hermúa.
700 1 _aSáenz Hermúa, Eduardo,
_d1859-1898
_9161682
752 _aEspaña -
_d, La Coruña
830 0 _aBiblioteca gallega ;
_v16
_9180864
852 _aES-MaACL
_jG-9212
_z- Enc. pasta
999 _c162477
_d162477